သစ္စာလေးတန်တရားမှန်/ (Record no. 16713)

000 -LEADER
fixed length control field 00892nam a2200205Ia 4500
003 - CONTROL NUMBER IDENTIFIER
control field OSt
005 - DATE AND TIME OF LATEST TRANSACTION
control field 20241120091746.0
007 - PHYSICAL DESCRIPTION FIXED FIELD--GENERAL INFORMATION
fixed length control field ca aa aaaaa
008 - FIXED-LENGTH DATA ELEMENTS--GENERAL INFORMATION
fixed length control field 201103s9999 xx 000 0 und d
040 ## - CATALOGING SOURCE
Transcribing agency SSBUL
041 ## - LANGUAGE CODE
Language code of text/sound track or separate title bur
082 ## - DEWEY DECIMAL CLASSIFICATION NUMBER
Classification number ၂၉၄.၃၈၂၄ ရွှေ
Edition number 23
Item number ၉၂၂၉ S-SAT
100 ## - MAIN ENTRY--PERSONAL NAME
Personal name ရွှေဖောင်တင်ဆရာတော်
9 (RLIN) 17329
245 #0 - TITLE STATEMENT
Title သစ္စာလေးတန်တရားမှန်/
Statement of responsibility, etc. ရွှေဖောင်တင်ဆရာတော်
260 ## - PUBLICATION, DISTRIBUTION, ETC.
Place of publication, distribution, etc. ရန်ကုန်မြို့ ၊
Name of publisher, distributor, etc. ရောင်စုံပုံနှိပ်တိုက်၊
Date of publication, distribution, etc. ၁၉၇၉။
300 ## - PHYSICAL DESCRIPTION
Extent ၈၂ စာမျက်နှာ၊
Other physical details ရုပ်ပုံ၊
Dimensions ၁၇ စင်တီ။
500 ## - GENERAL NOTE
General note S-SAT: Dr. Sai Aung Tun Collection
650 ## - SUBJECT ADDED ENTRY--TOPICAL TERM
Topical term or geographic name entry element သစ္စာလေးပါး
9 (RLIN) 7268
942 ## - ADDED ENTRY ELEMENTS (KOHA)
Source of classification or shelving scheme
Koha item type Book (Short term)
Holdings
Withdrawn status Lost status Damaged status Not for loan Permanent Location Current Location Date acquired Total Checkouts Barcode Date last seen Price effective from Source of classification or shelving scheme Collection code Shelving location Full call number Koha item type Accession
        Shan State Buddhist University Library Shan State Buddhist University Library 15/02/2023   ၉၂၂၉ S-SAT 15/02/2023 15/02/2023            
        Shan State Buddhist University Library Shan State Buddhist University Library 20/11/2024   MB00009229 20/11/2024 20/11/2024   Special Collections Special Collection Shelves ၂၉၄.၃၈၂၄ ရွှေ ၉၂၂၉ S-SAT Book (Short term) ၉၂၂၉ S-SAT

Library - 09407999929
Admin Office - 09407999979
Dean Office - 09250910768
Registrar Office - 09892297154
Email - [email protected]
Shan State Buddhist University, Phaya Phyu Taunggyi, Shan State, Myanmar.